| 000 | 00000nam##2200000za#4500 |
| 001 | 9.615619 |
| 003 | CaOODSP |
| 005 | 20211126112847 |
| 007 | ta |
| 008 | 150406|2001||||xxc||||| f|0| 0 eng|d |
| 020 | |a0-662-30376-8 |
| 022 | |a1192-5434 |
| 040 | |aCaOODSP|beng |
| 043 | |an-cn--- |
| 086 | 1 |aFB3-2/101-4E |
| 110 | 2 |aBank of Canada. |
| 245 | 10|aOn the nature and stability of the Canadian Phillips Curve / |cby Maral Kichian. |
| 260 | |aOttawa - Ontario : |bBank of Canada |c2001. |
| 300 | |av, 21p. : |bgraphs, references, tables ; |c28 cm. |
| 490 | 1 |aWorking paper|x1192-5434|v101-4 |
| 500 | |a"This paper empirically determines why, during the 1990s, inflation in Canada was consistently more stable than predicted by the fixed-coefficients Phillips curve. A time-varying-coefficient model, where all the parameters adjust simultaneously, shows that the behaviour of expectations was probably a major contributing factor."--Abstract. |
| 520 | 3 |aThis paper empirically determines why, during the 1990s, inflation in Canada was consistently more stable than predicted by the fixed-coefficients Phillips curve. A time-varying-coefficient model, where all the parameters adjust simultaneously, shows that the behaviour of expectations was probably a major contributing factor.--Abstract |
| 546 | |aRésumés en français |
| 563 | |aSoftcover |
| 590 | |a01-18|b2001-05-04 |
| 690 | 07|aInflation|2gcpds |
| 690 | 07|aPrices|2gcpds |
| 690 | 07|aEconomic forecasting|2gcpds |
| 720 | 1 |aKichian, Maral |
| 776 | 0#|tOn the nature and stability of the Canadian Phillips curve / |w(CaOODSP)9.571584 |
| 830 | #0|aWorking paper,|x1192-5434|v101-4|w(CaOODSP)9.514622 |